000 00473nam a22001457a 4500
003 SISC
005 20160628101142.0
008 160628b xxu||||| |||| 00| 0 eng d
050 _aLA 217 .B284 1994
110 _aHardvard Educational Review
245 _aImproving schools from within :
_bcreating successful classroom
_cHardvard Educational Review
260 _aCambridge
_bHardvard Educational Review
_c1994
300 _a81 pages.
_bill.,
_c27 cm.
942 _2lcc
_cBK
999 _c296195
_d296195